Ripley's believe it or not! : (Record no. 305970)
[ view plain ]
| 000 -LEADER | |
|---|---|
| fixed length control field | 00699nam a2200229Ia 4500 |
| 008 - FIXED-LENGTH DATA ELEMENTS--GENERAL INFORMATION | |
| fixed length control field | 170203s9999 xx 000 0 und d |
| 020 ## - INTERNATIONAL STANDARD BOOK NUMBER | |
| International Standard Book Number | 9781609910143 |
| 050 ## - LIBRARY OF CONGRESS CALL NUMBER | |
| Classification number | 0 30 |
| 050 ## - LIBRARY OF CONGRESS CALL NUMBER | |
| Item number | S612 2012 |
| 100 ## - MAIN ENTRY--PERSONAL NAME | |
| Personal name | Tibballs, Geoff. |
| 245 ## - TITLE STATEMENT | |
| Title | Ripley's believe it or not! : |
| 245 ## - TITLE STATEMENT | |
| Remainder of title | simply shocking! / |
| 245 ## - TITLE STATEMENT | |
| Statement of responsibility, etc | text, Geoff Tibballs ; interviews, Jo Wiltshire. |
| 260 ## - PUBLICATION, DISTRIBUTION, ETC. (IMPRINT) | |
| Place of publication, distribution, etc | Orlando, Fla. : |
| 260 ## - PUBLICATION, DISTRIBUTION, ETC. (IMPRINT) | |
| Name of publisher, distributor, etc | Ripley Pub. |
| 260 ## - PUBLICATION, DISTRIBUTION, ETC. (IMPRINT) | |
| Date of publication, distribution, etc | 2012 |
| 300 ## - PHYSICAL DESCRIPTION | |
| Extent | 384 pages : |
| 300 ## - PHYSICAL DESCRIPTION | |
| Other physical details | illustrations (some color) ; |
| 300 ## - PHYSICAL DESCRIPTION | |
| Dimensions | 23 cm. |
| 500 ## - GENERAL NOTE | |
| General note | "First published in Great Britain in 2012 by Random House Books ... London"--Title page verso. |
| 650 ## - SUBJECT ADDED ENTRY--TOPICAL TERM | |
| Topical term or geographic name as entry element | Curiosities and wonders. |
| Withdrawn status | Lost status | Damaged status | Home library | Current library | Shelving location | Date acquired | Total Checkouts | Full call number | Barcode | Date last seen | Price effective from | Koha item type |
|---|---|---|---|---|---|---|---|---|---|---|---|---|
| Stonyhurst Southville International School (Batangas) | Stonyhurst Southville International School (Batangas) | 02/03/2017 | Ref. 030 .S612 2012 | US- 1722 | 02/03/2017 | 02/03/2017 | Books |